| 000 | 005210000a22001690004500 | ||
|---|---|---|---|
| 003 | MACL | ||
| 005 | 20210409131734.0 | ||
| 008 | 210409b xxu||||| |||| 00| 0 eng d | ||
| 040 | _cmacl | ||
| 082 | _a741.642 | ||
| 100 |
_aजोशी , बाबूराव _946195 |
||
| 245 | _aसबके बापू | ||
| 260 |
_b ̜हिन्दी प्रकाशन मंदिर _c1952 _aदिल्ली |
||
| 350 | _a0.50 | ||
| 650 |
_aचिलड्रन बुक _9159 |
||
| 942 |
_cHIN _k741.642 _2ddc |
||
| 999 |
_c23227 _d23227 |
||